Alliterative TV Shows Quiz Stats

 Plays Quiz Updated Feb 16, 2018

Score 0/24 Timer 12:00
2 Plays Today
% Correct
Wonder Woman
97.6%
Breaking Bad
95.7%
Sesame Street
94.2%
Family Feud
92.1%
Mad Men
82.5%
Gilmore Girls
78.1%
House Hunters
65.5%
Cash Cab
64.2%
Reading Rainbow
58.2%
Hogan's Heroes
52.3%
Bosom Buddies
49.2%
Cold Case
46.6%
% Correct
Supermarket Sweep
45.6%
Silver Spoons
44.8%
Gossip Girl
44.2%
Jessica Jones
43.8%
Star Search
43.4%
Hee Haw
43%
Big Brother
41.2%
Suddenly Susan
39%
Meerkat Manor
38.8%
Double Dare
34.4%
Private Practice
30.2%
Candid Camera
18.9%

You're not logged in!

Compare scores with friends on all Sporcle quizzes.
OR
Log In

Sporcle TV

Today on Sporcle TV


Watch our educational content, quiz creation guides, and fun videos on Sporcle TV.

Show Comments

Extras

Top Quizzes Today


Score Distribution

Your Account Isn't Verified!

In order to create a playlist on Sporcle, you need to verify the email address you used during registration. Go to your Sporcle Settings to finish the process.

Report this User

Report this user for behavior that violates our Community Guidelines.

Details: